Czy Znasz Stopnie w Polskiej Marynarce Wojennej? - Statystyki

Ogólne statystyki
  • Ten quiz został rozwiązany 67 razy
  • Średni wynik to 12 z 21
Statystyki odpowiedzi
Obrazkowy Odpowiedź % Poprawnych
Starszy Marynarz
90%
Admirał
84%
Marynarz
82%
Starszy Mat
71%
Bosman
67%
Mat
67%
Kontradmirał
57%
Admirał Floty
53%
Bosmanmat
53%
Komandor
51%
Komandor Porucznik
49%
Starszy Bosman
49%
Wiceadmirał
49%
Chorąży Marynarki
47%
Młodszy Chorąży Marynarki
47%
Kapitan Marynarki
45%
Komandor Podporucznik
45%
Starszy Chorąży Sztabowy Marynarki
43%
Podporucznik Marynarki
41%
Porucznik Marynarki
41%
Starszy Chorąży Marynarki
37%
Nie znaleziono quizów pasujących do podanych kryteriów
Rozkład punktacji
Procent ludzi z każdym wynikiem
Percentyl według liczby udzielonych odpowiedzi
Twoja historia wyników
Nie rozwiązałeś tego quizu